000 00912nmc a2200337 a 4500
003 AR-BaBNM
005 20251128204356.0
008 131020s1999 ||||||||||||||000 | spa||
020 _a950-07-0483-8
040 _cAR-BaBNM
100 1 _aWolf, Ema
245 1 0 _aLos imposibles
250 _a10ª ed.
260 _aBuenos Aires
_bSudamericana
_c1999
300 0 _a43 p.
_bil.
490 0 _aPan flauta
_vv. 3
500 0 _aTirada especial para el Programa Nacional de Innovaciones Educativas. Ministerio de Educación de la Nación
650 4 _aCUENTO INFANTIL
650 4 _aLITERATURA INFANTIL
650 4 _aCULTURA
650 4 _aHUMANIDADES
650 4 _aCUENTOS DE TERROR
650 4 _aLIBROS PARA NINOS
651 4 _aArgentina
653 0 _aCUENTOS DE MONSTRUOS
655 _aLITERATURA
700 1 _aSanzol, Jorge
_eilustrador
800 0 _aCanela
942 _cBK
998 _cMARTIN
999 _c7212
_d7212